[Event "38. International GM-B Bosna 2008"]
[Site "Sarajevo BIH"]
[Date "2008.05.23"]
[Round "1.1"]
[White "Benderac, Ana"]
[Black "Savic, Miodrag R"]
[Result "0-1"]
[WhiteElo "2334"]
[BlackElo "2542"]
[PlyCount "46"]
[EventDate "2008.05.23"]
[EventType "tourn"]
[EventRounds "9"]
[EventCountry "BIH"]
[EventCategory "8"]
[Source "lmi"]
[SourceDate "2008.05.23"]

1. c4 e6 2. Nf3 Nf6 3. Nc3 Bb4 4. Qc2 O-O 5. a3 Bxc3 6. Qxc3 b6 7. b4 Bb7 8.
Bb2 d6 9. d4 Nbd7 10. e3 Ne4 11. Qb3 f5 12. Be2 Qe8 13. O-O Rf6 14. d5 e5 15.
Rad1 Qh5 16. Qc2 Rh6 17. h3 Qg6 18. Kh1 Ndf6 19. Bd3 Rf8 20. Nh2 Kh8 21. Bc3 c6
22. dxc6 Bxc6 23. Be1 Nc3 0-1

[Event "38. International GM-B Bosna 2008"]
[Site "Sarajevo BIH"]
[Date "2008.05.23"]
[Round "1.2"]
[White "Stojanovic, Dalibor"]
[Black "Arapovic, Vitomir"]
[Result "1/2-1/2"]
[WhiteElo "2496"]
[BlackElo "2374"]
[PlyCount "115"]
[EventDate "2008.05.23"]
[EventType "tourn"]
[EventRounds "9"]
[EventCountry "BIH"]
[EventCategory "8"]
[Source "lmi"]
[SourceDate "2008.05.23"]

1. e4 c5 2. Nf3 Nc6 3. Bb5 g6 4. Bxc6 dxc6 5. h3 Bg7 6. d3 Nf6 7. Nc3 O-O 8.
Bf4 Nd7 9. Qd2 e5 10. Bh6 Re8 11. O-O-O Nf8 12. Bxg7 Kxg7 13. Ne2 f6 14. Nh2
Ne6 15. g3 c4 16. f4 cxd3 17. cxd3 Nd4 18. Nxd4 Qxd4 19. Nf3 Qc5+ 20. Kb1 exf4
21. gxf4 Be6 22. f5 gxf5 23. Rhg1+ Kh8 24. Qh6 Qf8 25. Qf4 fxe4 26. dxe4 Qf7
27. Nh4 Rad8 28. Rxd8 Rxd8 29. Qh6 Rg8 30. Rf1 Bxa2+ 31. Ka1 Bc4 32. Rc1 Be6
33. Qf4 Rg5 34. Qb8+ Qg8 35. Qxa7 Qd8 36. Nf5 Bxf5 37. exf5 Rxf5 38. Qxb7 Ra5+
39. Kb1 Qd3+ 40. Rc2 Ra1+ 41. Kxa1 Qxc2 42. Qb8+ Kg7 43. Qc7+ Kg6 44. Qg3+ Kf5
45. Qf3+ Ke5 46. Qg3+ Ke4 47. Qg4+ Ke3 48. Qg3+ Ke4 49. Qg4+ Ke5 50. Qg3+ Kd5
51. Qg8+ Kd4 52. Qd8+ Ke3 53. Qxf6 Qa4+ 54. Kb1 Qe4+ 55. Ka1 Qh1+ 56. Ka2 Qd5+
57. Kb1 h5 58. h4 1/2-1/2

[Event "38. International GM-B Bosna 2008"]
[Site "Sarajevo BIH"]
[Date "2008.05.23"]
[Round "1.3"]
[White "Kosic, Dragan"]
[Black "Atakisi, Umut"]
[Result "1/2-1/2"]
[WhiteElo "2500"]
[BlackElo "2365"]
[PlyCount "74"]
[EventDate "2008.05.23"]
[EventType "tourn"]
[EventRounds "9"]
[EventCountry "BIH"]
[EventCategory "8"]
[Source "lmi"]
[SourceDate "2008.05.23"]

1. d4 Nf6 2. Nf3 g6 3. Bg5 Bg7 4. Nbd2 c5 5. e3 cxd4 6. exd4 O-O 7. c3 Nc6 8.
Bd3 d5 9. O-O Bf5 10. Bxf5 gxf5 11. Re1 Ne4 12. Nf1 Nxg5 13. Nxg5 e5 14. Qh5 h6
15. Nh3 exd4 16. cxd4 Bxd4 17. Rad1 Re8 18. Ne3 Qd6 19. Rf1 Qe5 20. Kh1 Rad8
21. Rd2 Qe4 22. Ng1 Re6 23. Rfd1 Rg6 24. Nf3 f4 25. Rxd4 Nxd4 26. Rxd4 fxe3 27.
Rxe4 dxe4 28. fxe3 exf3 29. Qxf3 Rd2 30. h4 Rxb2 31. Qe4 Rbxg2 32. Qe8+ Kg7 33.
Qe5+ Kh7 34. Qf4 Kg8 35. Qe5 Kh7 36. Qf4 Kg8 37. Qb8+ Kh7 1/2-1/2

[Event "38. International GM-B Bosna 2008"]
[Site "Sarajevo BIH"]
[Date "2008.05.23"]
[Round "1.4"]
[White "Runic, Zoran"]
[Black "Cabrilo, Goran"]
[Result "1/2-1/2"]
[WhiteElo "2452"]
[BlackElo "2499"]
[PlyCount "56"]
[EventDate "2008.05.23"]
[EventType "tourn"]
[EventRounds "9"]
[EventCountry "BIH"]
[EventCategory "8"]
[Source "lmi"]
[SourceDate "2008.05.23"]

1. e4 c5 2. Nf3 d6 3. d4 cxd4 4. Nxd4 Nf6 5. Nc3 Nc6 6. Be2 e5 7. Nb3 Be7 8.
Be3 Be6 9. Bf3 O-O 10. g4 a5 11. a4 Nb4 12. g5 Nd7 13. Rg1 Rc8 14. Bg4 g6 15.
Rg3 Nb6 16. Nd2 Nc4 17. Nxc4 Rxc4 18. Be2 Rc8 19. Qd2 Qc7 20. Bb5 Rfd8 21. Qe2
d5 22. exd5 Nxd5 23. Nxd5 Rxd5 24. c3 Bf5 25. Rd1 Rxd1+ 26. Qxd1 Rd8 27. Qe2
Be6 28. Bd2 Bf5 1/2-1/2

[Event "38. International GM-B Bosna 2008"]
[Site "Sarajevo BIH"]
[Date "2008.05.23"]
[Round "1.5"]
[White "Bogut, Zeljko"]
[Black "Erdogdu, Mert"]
[Result "0-1"]
[WhiteElo "2460"]
[BlackElo "2434"]
[PlyCount "154"]
[EventDate "2008.05.23"]
[EventType "tourn"]
[EventRounds "9"]
[EventCountry "BIH"]
[EventCategory "8"]
[Source "lmi"]
[SourceDate "2008.05.23"]

1. c4 Nf6 2. Nc3 g6 3. g3 Bg7 4. Bg2 d6 5. d3 O-O 6. Nf3 e5 7. O-O Nc6 8. Rb1
h6 9. b4 Be6 10. b5 Ne7 11. a4 c5 12. bxc6 bxc6 13. c5 d5 14. d4 e4 15. Ne1 Nd7
16. Nc2 f5 17. Bd2 g5 18. f4 Ng6 19. Be1 gxf4 20. gxf4 Nf6 21. h3 Qc7 22. e3
Bc8 23. Kh1 Kh7 24. Rg1 Rg8 25. Bf1 Bh8 26. Be2 Be6 27. Bf2 Rg7 28. Qd2 Rag8
29. Ba6 Bc8 30. Be2 Qf7 31. Na2 Ne7 32. Rxg7+ Rxg7 33. Rg1 Rxg1+ 34. Kxg1 Ng6
35. Qa5 Qd7 36. Nab4 Ng8 37. Na1 Bf6 38. Ba6 N8e7 39. Bxc8 Nxc8 40. Qa6 Nce7
41. Nb3 Nh4 42. Bxh4 Bxh4 43. Na5 Qe8 44. Qe2 Qg8+ 45. Qg2 Qc8 46. Kf1 Qc7 47.
Nb3 a5 48. Na2 Ng6 49. Qe2 Qa7 50. Nac1 Bd8 51. Qh5 Qa6+ 52. Ke1 Qc8 53. Kd2
Kg7 54. Ne2 Bh4 55. Kc2 Bf2 56. Kd2 Qb8 57. Kc2 Nh4 58. Nc3 Be1 59. Qe2 Nf3 60.
Qa6 Qb4 61. Qxa5 Qc4 62. Nc1 Bxc3 63. Qxc3 Qxa4+ 64. Qb3 Qa6 65. Qb6 Qa4+ 66.
Kb2 Ne1 67. Nb3 Nd3+ 68. Kb1 Kg6 69. Na5 Nb4 70. Kb2 Nd3+ 71. Kc3 Kh5 72. Nb3
Qc4+ 73. Kd2 Nb4 74. Na1 Qd3+ 75. Kc1 Qa3+ 76. Kd2 Qb2+ 77. Kd1 Qxa1+ 0-1

[Event "38. International GM-B Bosna 2008"]
[Site "Sarajevo BIH"]
[Date "2008.05.24"]
[Round "2.1"]
[White "Savic, Miodrag R"]
[Black "Erdogdu, Mert"]
[Result "1/2-1/2"]
[WhiteElo "2542"]
[BlackElo "2434"]
[PlyCount "85"]
[EventDate "2008.05.23"]
[EventType "tourn"]
[EventRounds "9"]
[EventCountry "BIH"]
[EventCategory "8"]
[Source "lmi"]
[SourceDate "2008.05.23"]

1. e4 c5 2. c3 d5 3. exd5 Qxd5 4. Nf3 Nf6 5. Be2 e6 6. O-O Nc6 7. Na3 Be7 8. d4
O-O 9. Nb5 Qd8 10. dxc5 Bxc5 11. Bf4 Nd5 12. Bg3 a6 13. Nbd4 Nxd4 14. Nxd4 Bd6
15. Bxd6 Qxd6 16. Bf3 Nf6 17. Nb3 Qc7 18. Qd4 Bd7 19. Rfd1 Rfc8 20. Qd6 Bc6 21.
Qxc7 Rxc7 22. Be2 Bd5 23. Nd2 a5 24. a4 Kf8 25. f3 Ke7 26. Bb5 b6 27. Kf2 g5
28. Nf1 h5 29. Ne3 Rg8 30. Rd4 Rd8 31. Re1 Rcc8 32. h4 gxh4 33. Rxh4 Kf8 34.
Rf4 Kg7 35. Rh1 e5 36. Rfh4 Be6 37. Ke2 Rd6 38. Rd1 Rxd1 39. Kxd1 Kg6 40. Ke2
Nd5 41. g3 Nxe3 42. Kxe3 Bb3 43. Ke4 1/2-1/2

[Event "38. International GM-B Bosna 2008"]
[Site "Sarajevo BIH"]
[Date "2008.05.24"]
[Round "2.2"]
[White "Cabrilo, Goran"]
[Black "Bogut, Zeljko"]
[Result "1-0"]
[WhiteElo "2499"]
[BlackElo "2460"]
[PlyCount "121"]
[EventDate "2008.05.23"]
[EventType "tourn"]
[EventRounds "9"]
[EventCountry "BIH"]
[EventCategory "8"]
[Source "lmi"]
[SourceDate "2008.05.23"]

1. e4 c5 2. Nf3 Nc6 3. Bb5 d6 4. Bxc6+ bxc6 5. O-O e5 6. c3 f5 7. exf5 Bxf5 8.
d4 cxd4 9. cxd4 e4 10. Nfd2 Nf6 11. f3 exf3 12. Qxf3 Bd7 13. Ne4 Be7 14. Nxf6+
Bxf6 15. Re1+ Kf7 16. Nc3 d5 17. Bg5 Rb8 18. Re2 Re8 19. Bxf6 Qxf6 20. Qxf6+
gxf6 21. Rxe8 Rxe8 22. Kf2 Rb8 23. b3 Ke6 24. Na4 Kd6 25. Nc5 Rg8 26. g3 h5 27.
Rf1 Bh3 28. Re1 h4 29. Re3 Bc8 30. Rf3 hxg3+ 31. hxg3 Ke7 32. b4 Rh8 33. Kg1
Bg4 34. Ra3 Ra8 35. Ra6 Kd6 36. b5 Rc8 37. bxc6 Rxc6 38. Rxa7 Rb6 39. Ra6 Kc6
40. Rxb6+ Kxb6 41. Kf2 Kb5 42. a3 Kc4 43. Ke3 Bc8 44. Nd3 Bd7 45. Nc5 Bc8 46.
a4 Kb4 47. Nd3+ Kxa4 48. Nf4 Bb7 49. Nh5 Kb5 50. Nxf6 Kc6 51. Kf4 Kd6 52. Kg5
Ke6 53. Nh5 Bc8 54. Nf4+ Kd6 55. Kf6 Bg4 56. Ng2 Bf3 57. Ne3 Kd7 58. g4 Ke8 59.
g5 Be4 60. g6 Kf8 61. Ng4 1-0

[Event "38. International GM-B Bosna 2008"]
[Site "Sarajevo BIH"]
[Date "2008.05.24"]
[Round "2.4"]
[White "Arapovic, Vitomir"]
[Black "Kosic, Dragan"]
[Result "1/2-1/2"]
[WhiteElo "2374"]
[BlackElo "2500"]
[PlyCount "68"]
[EventDate "2008.05.23"]
[EventType "tourn"]
[EventRounds "9"]
[EventCountry "BIH"]
[EventCategory "8"]
[Source "lmi"]
[SourceDate "2008.05.23"]

1. e4 e6 2. d4 d5 3. Nc3 Nf6 4. Bg5 dxe4 5. Nxe4 Nbd7 6. Nf3 h6 7. Nxf6+ Nxf6
8. Bh4 c5 9. Bb5+ Bd7 10. Bxd7+ Qxd7 11. Bxf6 gxf6 12. dxc5 Qxd1+ 13. Rxd1 Bxc5
14. Ke2 Rg8 15. g3 Rg4 16. Nd2 Ra4 17. a3 Rc8 18. f3 f5 19. c3 h5 20. Kd3 b5
21. Kc2 Be7 22. f4 Ra6 23. Nf3 Rac6 24. Nd4 Rc5 25. Rhe1 a6 26. Rd3 Rd5 27. Nb3
Rxd3 28. Kxd3 h4 29. Nd4 hxg3 30. hxg3 Kd7 31. Rh1 Rg8 32. Ne2 Bd6 33. c4 bxc4+
34. Kxc4 Rc8+ 1/2-1/2

[Event "38. International GM-B Bosna 2008"]
[Site "Sarajevo BIH"]
[Date "2008.05.24"]
[Round "2.5"]
[White "Benderac, Ana"]
[Black "Stojanovic, Dalibor"]
[Result "0-1"]
[WhiteElo "2334"]
[BlackElo "2496"]
[PlyCount "114"]
[EventDate "2008.05.23"]
[EventType "tourn"]
[EventRounds "9"]
[EventCountry "BIH"]
[EventCategory "8"]
[Source "lmi"]
[SourceDate "2008.05.23"]

1. d4 Nf6 2. Nf3 g6 3. e3 Bg7 4. b3 d6 5. Bb2 O-O 6. Be2 a5 7. Nbd2 c6 8. O-O
Na6 9. c4 Nd7 10. Rc1 e5 11. Qc2 f5 12. dxe5 dxe5 13. c5 Nb4 14. Qc4+ Kh8 15.
a3 b5 16. Qh4 Qxh4 17. Nxh4 Na6 18. Nhf3 Re8 19. Rc2 Bf6 20. Rfc1 Kg7 21. g4
fxg4 22. Ne1 e4 23. Bxg4 Bxb2 24. Bxd7 Bxd7 25. Rxb2 Re5 26. b4 Bh3 27. f4 exf3
28. Kf2 Bg4 29. Nc2 Rae8 30. Re1 axb4 31. axb4 Rh5 32. Nf1 Be6 33. Nd4 Bd5 34.
Ra1 Nb8 35. Ra7+ Kh6 36. Ra8 Rhe5 37. Ng3 Kg7 38. Rb1 h5 39. Rba1 h4 40. R1a7+
Kh6 41. Nf1 Rg5 42. Nxf3 Rf5 43. N1d2 Bxf3 44. Nxf3 Ref8 45. Ke2 Rxf3 46. Rxb8
Rf2+ 47. Ke1 R8f3 48. Re7 Rxh2 49. Rh8+ Kg5 50. Re6 Rg3 51. Kf1 h3 52. Rxg6+
Kxg6 53. Rg8+ Kf5 54. Rxg3 Ke4 55. Rg6 Rb2 56. Re6+ Kf5 57. Rh6 h2 0-1

[Event "38. International GM-B Bosna 2008"]
[Site "Sarajevo BIH"]
[Date "2008.05.25"]
[Round "3.1"]
[White "Stojanovic, Dalibor"]
[Black "Savic, Miodrag R"]
[Result "1/2-1/2"]
[WhiteElo "2496"]
[BlackElo "2542"]
[PlyCount "56"]
[EventDate "2008.05.23"]
[EventType "tourn"]
[EventRounds "9"]
[EventCountry "BIH"]
[EventCategory "8"]
[Source "lmi"]
[SourceDate "2008.05.23"]

1. e4 d5 2. exd5 Qxd5 3. Nc3 Qa5 4. d4 Nf6 5. Nf3 c6 6. Ne5 Bf5 7. Bd3 Bxd3 8.
Qxd3 Qa6 9. Qg3 Nbd7 10. Nd3 Nd5 11. O-O e6 12. Ne4 Qc4 13. c3 N5f6 14. Nxf6+
gxf6 15. Nf4 Bd6 16. Qg7 Ke7 17. Qh6 Rag8 18. Re1 Rg4 19. h3 Bxf4 20. Bxf4 Rg6
21. Qh4 Qd5 22. Bg3 h5 23. b3 Rhg8 24. c4 Qg5 25. Qxg5 Rxg5 26. Kf1 Nf8 27. Bf4
Rf5 28. Bd2 Ng6 1/2-1/2

[Event "38. International GM-B Bosna 2008"]
[Site "Sarajevo BIH"]
[Date "2008.05.25"]
[Round "3.2"]
[White "Kosic, Dragan"]
[Black "Benderac, Ana"]
[Result "1-0"]
[WhiteElo "2500"]
[BlackElo "2334"]
[PlyCount "95"]
[EventDate "2008.05.23"]
[EventType "tourn"]
[EventRounds "9"]
[EventCountry "BIH"]
[EventCategory "8"]
[Source "lmi"]
[SourceDate "2008.05.23"]

1. d4 d5 2. Nf3 e6 3. c4 c6 4. Qc2 Nf6 5. Nbd2 a5 6. g3 Nbd7 7. Bg2 Be7 8. O-O
O-O 9. e4 dxe4 10. Nxe4 Nxe4 11. Qxe4 Nf6 12. Qe2 a4 13. Rd1 h6 14. Bf4 Qb6 15.
Ne5 Rd8 16. Be3 Qa6 17. h4 Nd7 18. Qg4 Kf8 19. Rac1 c5 20. Nxd7+ Bxd7 21. dxc5
f5 22. Qf4 Bc6 23. Rxd8+ Rxd8 24. Qc7 Bxg2 25. Kxg2 Qc6+ 26. Qxc6 bxc6 27. b4
axb3 28. axb3 Rb8 29. Rb1 Rb4 30. f4 g5 31. hxg5 hxg5 32. Kf3 Kf7 33. Bd4 Bf6
34. Ke3 Bxd4+ 35. Kxd4 Kf6 36. Kc3 Rb8 37. b4 gxf4 38. gxf4 e5 39. fxe5+ Kxe5
40. b5 f4 41. bxc6 Rc8 42. Re1+ Kf5 43. Kb4 Rxc6 44. Kb5 Re6 45. Rd1 Re5 46.
Kb6 Re4 47. Rc1 Ke6 48. c6 1-0

[Event "38. International GM-B Bosna 2008"]
[Site "Sarajevo BIH"]
[Date "2008.05.25"]
[Round "3.3"]
[White "Runic, Zoran"]
[Black "Arapovic, Vitomir"]
[Result "1-0"]
[WhiteElo "2452"]
[BlackElo "2374"]
[PlyCount "77"]
[EventDate "2008.05.23"]
[EventType "tourn"]
[EventRounds "9"]
[EventCountry "BIH"]
[EventCategory "8"]
[Source "lmi"]
[SourceDate "2008.05.23"]

1. e4 c5 2. Nf3 Nc6 3. b3 e5 4. Bc4 Be7 5. c3 Nf6 6. O-O O-O 7. d3 d5 8. exd5
Nxd5 9. Bb5 Bf6 10. Bxc6 bxc6 11. Nfd2 Nf4 12. Ne4 Be7 13. Bxf4 exf4 14. Qf3 g5
15. Na3 f5 16. Nd2 Be6 17. Rfe1 Bd5 18. Qd1 Bf6 19. Rc1 g4 20. Nac4 Qc7 21. Nf1
Rad8 22. Qc2 Rde8 23. Qd2 Qg7 24. Rxe8 Rxe8 25. Nd6 Rd8 26. Nc4 g3 27. hxg3 Bg5
28. f3 fxg3 29. f4 Bxc4 30. fxg5 Bxd3 31. Nxg3 Qc7 32. Qf2 Qe5 33. Nh5 Be4 34.
Nf6+ Kh8 35. Qh4 Qe7 36. Re1 Rf8 37. Re3 Rf7 38. Rh3 Bd5 39. Qf4 1-0

[Event "38. International GM-B Bosna 2008"]
[Site "Sarajevo BIH"]
[Date "2008.05.25"]
[Round "3.4"]
[White "Bogut, Zeljko"]
[Black "Atakisi, Umut"]
[Result "1-0"]
[WhiteElo "2460"]
[BlackElo "2365"]
[PlyCount "69"]
[EventDate "2008.05.23"]
[EventType "tourn"]
[EventRounds "9"]
[EventCountry "BIH"]
[EventCategory "8"]
[Source "lmi"]
[SourceDate "2008.05.23"]

1. e4 c5 2. Nc3 Nc6 3. f4 g6 4. Nf3 Bg7 5. Bb5 Nd4 6. O-O Nxb5 7. Nxb5 d6 8. a4
Nf6 9. d3 Bg4 10. Qe1 Bxf3 11. Rxf3 O-O 12. Qh4 a6 13. Nc3 e6 14. f5 Nh5 15.
Qh3 Qe7 16. g4 Nf6 17. g5 Nd7 18. f6 Nxf6 19. gxf6 Bxf6 20. Bh6 Rfe8 21. Raf1
Bd4+ 22. Kh1 f5 23. Qg2 Kh8 24. Ne2 Be5 25. c3 Qd7 26. d4 cxd4 27. cxd4 Bf6 28.
Rh3 Qc6 29. d5 exd5 30. Nf4 Qc4 31. Nxd5 Bd4 32. b3 Qc8 33. Be3 Bxe3 34. Qxg6
Qd7 35. Nf6 1-0

[Event "38. International GM-B Bosna 2008"]
[Site "Sarajevo BIH"]
[Date "2008.05.25"]
[Round "3.5"]
[White "Erdogdu, Mert"]
[Black "Cabrilo, Goran"]
[Result "1/2-1/2"]
[WhiteElo "2434"]
[BlackElo "2499"]
[PlyCount "60"]
[EventDate "2008.05.23"]
[EventType "tourn"]
[EventRounds "9"]
[EventCountry "BIH"]
[EventCategory "8"]
[Source "lmi"]
[SourceDate "2008.05.23"]

1. e4 c5 2. Nf3 Nc6 3. d4 cxd4 4. Nxd4 e6 5. Nc3 a6 6. Nxc6 bxc6 7. Bd3 e5 8.
O-O Nf6 9. f4 d6 10. Kh1 Be7 11. Qf3 O-O 12. Bd2 a5 13. b3 exf4 14. Bxf4 Bg4
15. Qf2 Be6 16. Qe2 Nd7 17. Rad1 Bf6 18. Qd2 Nc5 19. Be2 Be5 20. Bxe5 dxe5 21.
Qd6 Qxd6 22. Rxd6 Rfc8 23. Kg1 Rab8 24. Kf2 Kf8 25. Ke3 Ke7 26. Rdd1 f6 27. Rb1
g6 28. g4 Rd8 29. Rbd1 Rxd1 30. Nxd1 Rb4 1/2-1/2

[Event "38. International GM-B Bosna 2008"]
[Site "Sarajevo BIH"]
[Date "2008.05.26"]
[Round "4.1"]
[White "Savic, Miodrag R"]
[Black "Cabrilo, Goran"]
[Result "1/2-1/2"]
[WhiteElo "2542"]
[BlackElo "2498"]
[PlyCount "38"]
[EventDate "2008.05.23"]
[EventType "tourn"]
[EventRounds "9"]
[EventCountry "BIH"]
[EventCategory "8"]
[Source "lmi"]
[SourceDate "2008.05.23"]

1. e4 e5 2. Nf3 Nc6 3. Bb5 a6 4. Ba4 Nf6 5. O-O Be7 6. Re1 b5 7. Bb3 d6 8. c3
O-O 9. h3 Nb8 10. d4 Nbd7 11. Nbd2 Bb7 12. Bc2 Re8 13. Nf1 Bf8 14. Ng3 c5 15.
d5 g6 16. Be3 Bg7 17. Qd2 c4 18. b4 cxb3 19. axb3 Qc7 1/2-1/2

[Event "38. International GM-B Bosna 2008"]
[Site "Sarajevo BIH"]
[Date "2008.05.26"]
[Round "4.2"]
[White "Atakisi, Umut"]
[Black "Erdogdu, Mert"]
[Result "1/2-1/2"]
[WhiteElo "2365"]
[BlackElo "2434"]
[PlyCount "63"]
[EventDate "2008.05.23"]
[EventType "tourn"]
[EventRounds "9"]
[EventCountry "BIH"]
[EventCategory "8"]
[Source "lmi"]
[SourceDate "2008.05.23"]

1. e4 e5 2. Nf3 Nc6 3. Bb5 f5 4. d3 fxe4 5. dxe4 Nf6 6. Qd3 Bb4+ 7. Nc3 Qe7 8.
O-O Bxc3 9. Qxc3 Nxe4 10. Qe3 Nd6 11. Bxc6 dxc6 12. Qxe5 Qxe5 13. Nxe5 Bf5 14.
c4 c5 15. g4 Be6 16. b3 O-O 17. f4 Nf7 18. Nxf7 Rxf7 19. f5 Bd7 20. Bb2 Re8 21.
Rae1 Rfe7 22. Rxe7 Rxe7 23. Kf2 Re4 24. Kg3 Re2 25. Rf2 Rxf2 26. Kxf2 h5 27. h3
hxg4 28. hxg4 g6 29. fxg6 Bxg4 30. Be5 Bf5 31. Ke3 Bxg6 32. Bxc7 1/2-1/2

[Event "38. International GM-B Bosna 2008"]
[Site "Sarajevo BIH"]
[Date "2008.05.26"]
[Round "4.3"]
[White "Arapovic, Vitomir"]
[Black "Bogut, Zeljko"]
[Result "0-1"]
[WhiteElo "2374"]
[BlackElo "2465"]
[PlyCount "92"]
[EventDate "2008.05.23"]
[EventType "tourn"]
[EventRounds "9"]
[EventCountry "BIH"]
[EventCategory "8"]
[Source "lmi"]
[SourceDate "2008.05.23"]

1. e4 e5 2. Nf3 Nf6 3. Nxe5 d6 4. Nf3 Nxe4 5. Qe2 Qe7 6. d3 Nf6 7. Bg5 Qxe2+ 8.
Bxe2 Be7 9. Nc3 h6 10. Bh4 Nc6 11. O-O-O g5 12. Bg3 Be6 13. d4 Nb4 14. a3 Nbd5
15. Nxd5 Bxd5 16. c4 Be4 17. Ne1 Bg6 18. Bd3 Kd7 19. Bxg6 fxg6 20. Nd3 b5 21.
Ne5+ dxe5 22. dxe5+ Kc6 23. exf6 Bxf6 24. cxb5+ Kxb5 25. Rd7 c5 26. Re1 Rhe8
27. Rxe8 Rxe8 28. Rxa7 Re2 29. b4 h5 30. Ra5+ Kc4 31. Rxc5+ Kd3 32. Kd1 Ra2 33.
f4 Bc3 34. Rd5+ Bd4 35. Rxd4+ Kxd4 36. fxg5 Rxa3 37. Ke2 Ke4 38. Be1 Ra2+ 39.
Bd2 Rb2 40. h4 Ra2 41. Ke1 Kd3 42. Bf4 Rxg2 43. Bd6 Rg4 44. b5 Rg1+ 45. Kf2 Rb1
46. Kf3 Rxb5 0-1

[Event "38. International GM-B Bosna 2008"]
[Site "Sarajevo BIH"]
[Date "2008.05.26"]
[Round "4.4"]
[White "Benderac, Ana"]
[Black "Runic, Zoran"]
[Result "1/2-1/2"]
[WhiteElo "2334"]
[BlackElo "2441"]
[PlyCount "39"]
[EventDate "2008.05.23"]
[EventType "tourn"]
[EventRounds "9"]
[EventCountry "BIH"]
[EventCategory "8"]
[Source "lmi"]
[SourceDate "2008.05.23"]

1. d4 d6 2. e4 Nf6 3. Nc3 g6 4. f3 Bg7 5. Be3 c6 6. a4 a5 7. Bc4 Nbd7 8. Qd2 d5
9. Be2 dxe4 10. fxe4 e5 11. dxe5 Nxe5 12. Qxd8+ Kxd8 13. Nf3 Nfd7 14. O-O Re8
15. Rad1 Kc7 16. Bf4 f6 17. Nb1 Nc5 18. Nxe5 fxe5 19. Be3 Nd7 20. Rf7 1/2-1/2

[Event "38. International GM-B Bosna 2008"]
[Site "Sarajevo BIH"]
[Date "2008.05.26"]
[Round "4.5"]
[White "Stojanovic, Dalibor"]
[Black "Kosic, Dragan"]
[Result "1/2-1/2"]
[WhiteElo "2474"]
[BlackElo "2500"]
[PlyCount "33"]
[EventDate "2008.05.23"]
[EventType "tourn"]
[EventRounds "9"]
[EventCountry "BIH"]
[EventCategory "8"]
[Source "lmi"]
[SourceDate "2008.05.23"]

1. e4 e6 2. d4 d5 3. Nc3 Nf6 4. Bg5 dxe4 5. Nxe4 Nbd7 6. Nf3 h6 7. Nxf6+ Nxf6
8. Bh4 c5 9. Bc4 a6 10. O-O cxd4 11. Nxd4 Bc5 12. Nf3 Qxd1 13. Raxd1 b5 14. Bb3
Bb7 15. Ne5 g5 16. Bg3 O-O 17. Nd7 1/2-1/2

[Event "38. International GM-B Bosna 2008"]
[Site "Sarajevo BIH"]
[Date "2008.05.27"]
[Round "5.1"]
[White "Kosic, Dragan"]
[Black "Savic, Miodrag R"]
[Result "1/2-1/2"]
[WhiteElo "2500"]
[BlackElo "2542"]
[PlyCount "66"]
[EventDate "2008.05.23"]
[EventType "tourn"]
[EventRounds "9"]
[EventCountry "BIH"]
[EventCategory "8"]
[Source "lmi"]
[SourceDate "2008.05.23"]

1. d4 Nf6 2. c4 e6 3. Nf3 b6 4. g3 Bb7 5. Bg2 Be7 6. O-O O-O 7. Nc3 Ne4 8. Qc2
Nxc3 9. Qxc3 Be4 10. Rd1 Bf6 11. Bf4 d6 12. Qe3 Bb7 13. Qd3 Nd7 14. Ng5 Bxg5
15. Bxb7 Rb8 16. Bxg5 Qxg5 17. Bc6 Rbd8 18. f4 Qe7 19. b4 Nb8 20. Bf3 c5 21. a3
cxd4 22. Qxd4 Qc7 23. Rac1 Rd7 24. Qe4 g6 25. Kg2 Rc8 26. Qd3 a6 27. e3 Kg7 28.
Qd4+ Kg8 29. Qf6 Qd8 30. Qxd8+ Rdxd8 31. g4 h6 32. Rd2 Kf8 33. Kf2 Ke7 1/2-1/2

[Event "38. International GM-B Bosna 2008"]
[Site "Sarajevo BIH"]
[Date "2008.05.27"]
[Round "5.2"]
[White "Runic, Zoran"]
[Black "Stojanovic, Dalibor"]
[Result "1-0"]
[WhiteElo "2441"]
[BlackElo "2474"]
[PlyCount "145"]
[EventDate "2008.05.23"]
[EventType "tourn"]
[EventRounds "9"]
[EventCountry "BIH"]
[EventCategory "8"]
[Source "lmi"]
[SourceDate "2008.05.23"]

1. c4 e6 2. g3 Nf6 3. Bg2 d5 4. Nf3 Be7 5. O-O O-O 6. b3 c5 7. Bb2 Nc6 8. d3 b6
9. Nbd2 Bb7 10. a3 Re8 11. Qc2 Bf8 12. Rfd1 d4 13. b4 e5 14. bxc5 bxc5 15. Ne1
Qc7 16. Bc1 h6 17. Rb1 Rab8 18. Nb3 Nd8 19. Bd2 Bxg2 20. Nxg2 Nc6 21. Na1 Rb6
22. Rb5 Reb8 23. Rdb1 a6 24. Rxb6 Rxb6 25. Rxb6 Qxb6 26. Nb3 Nd7 27. Ne1 Bd6
28. Nf3 Nf8 29. e4 dxe3 30. fxe3 Qb7 31. Kf2 Ne6 32. Bc3 f5 33. Nbd2 Ng5 34.
Nxg5 hxg5 35. Qd1 Nd8 36. Qh5 Nf7 37. e4 f4 38. Qg4 Qe7 39. Qc8+ Kh7 40. g4 a5
41. Bxa5 Qa7 42. Nb3 g6 43. Kf3 Kg7 44. a4 Bf8 45. Qe8 Qb7 46. Qb5 Qc8 47. Be1
Bd6 48. Nd2 Qh8 49. Kg2 Qc8 50. h3 Nh6 51. Kf3 Qd8 52. Qb7+ Nf7 53. Ke2 Bc7 54.
Nf3 Qb8 55. Qxb8 Bxb8 56. Ba5 Ba7 57. Bc7 Kf6 58. Kd2 Ke6 59. Kc3 Nd6 60. Bxd6
Kxd6 61. Nxg5 Bb6 62. Nf3 Ke6 63. h4 Bc7 64. Kd2 Bd8 65. g5 Bc7 66. Ke2 Kf7 67.
Nd2 Ke6 68. Kf3 Ba5 69. Nb3 Bb6 70. Kg4 Kf7 71. a5 Bc7 72. a6 Bb6 73. Na5 1-0

[Event "38. International GM-B Bosna 2008"]
[Site "Sarajevo BIH"]
[Date "2008.05.27"]
[Round "5.3"]
[White "Bogut, Zeljko"]
[Black "Benderac, Ana"]
[Result "1-0"]
[WhiteElo "2465"]
[BlackElo "2334"]
[PlyCount "121"]
[EventDate "2008.05.23"]
[EventType "tourn"]
[EventRounds "9"]
[EventCountry "BIH"]
[EventCategory "8"]
[Source "lmi"]
[SourceDate "2008.05.23"]

1. e4 e6 2. d4 d5 3. Nc3 dxe4 4. Nxe4 Nd7 5. g3 Ngf6 6. Nxf6+ Nxf6 7. Bg2 c5 8.
Nf3 cxd4 9. Qxd4 Qxd4 10. Nxd4 Bc5 11. Nb3 Bd6 12. Be3 Nd5 13. Bd4 O-O 14.
O-O-O b5 15. Bc5 Bxc5 16. Nxc5 g6 17. Bxd5 exd5 18. Rxd5 Bf5 19. Re1 Rfc8 20.
f3 h5 21. Re2 Rc6 22. Nb3 Be6 23. Rde5 Bxb3 24. Re8+ Rxe8 25. Rxe8+ Kg7 26.
axb3 a6 27. Re4 f5 28. Rd4 Kf6 29. h4 g5 30. hxg5+ Kxg5 31. Kd2 Rb6 32. b4 Rf6
33. Ke3 Re6+ 34. Kf2 Rb6 35. f4+ Kg4 36. Rd8 Rg6 37. Rh8 Rc6 38. c3 Rd6 39.
Rg8+ Kh3 40. Rg5 Rd2+ 41. Ke3 Rxb2 42. Rxh5+ Kxg3 43. Rg5+ Kh4 44. Rxf5 Rb3 45.
Kd4 Kg4 46. Rf8 Ra3 47. Rf6 Kf3 48. Rf8 Kg4 49. Rf7 Kf3 50. f5 Kf4 51. Rf8 Kg5
52. Ke5 Rxc3 53. Rg8+ Kh6 54. f6 Rc7 55. Ke6 Rc6+ 56. Ke7 Rc7+ 57. Kd6 Rb7 58.
Ra8 Kg6 59. Ke5 Rh7 60. Ke6 Rh6 61. f7 1-0